000 00296nam a2200121Ia 4500
005 20251222141849.0
008 251222s9999||||xx |||||||||||||| ||spa||
082 _a657.2/L69
100 _aLizonde B., Amador
245 0 _aCasos Prácticos de Asientos Contables:
264 _bEDILSA
942 _cLIB
999 _c7660
_d7660